Tourism in the Anglo-French frontier zone (Record no. 19022)

MARC details
000 -LEADER
fixed length control field 00980cab a2200217 4500
001 - CONTROL NUMBER
control field ABS41098
008 - FIXED-LENGTH DATA ELEMENTS--GENERAL INFORMATION
fixed length control field 090401t1989 xxu||||| |||| 00| 0 eng d
035 ## - SYSTEM CONTROL NUMBER
System control number (Sirsi) u28214
041 ## - LANGUAGE CODE
Language code of text/sound track or separate title eng
100 ## - MAIN ENTRY--PERSONAL NAME
Personal name Essex, S.J.
245 ## - TITLE STATEMENT
Title Tourism in the Anglo-French frontier zone
260 ## - PUBLICATION, DISTRIBUTION, ETC.
Date of publication, distribution, etc. 1989
350 ## - PRICE (NR) (BK AM CF MU VM SE) [OBSOLETE]
Price 0
490 ## - SERIES STATEMENT
Series statement Geography
Volume/sequential designation 74(324) June 1989, 222-232(10)
520 ## - SUMMARY, ETC.
Summary, etc. This study examines the tourist industry in a region bisected by an international border, the Anglo French Frontier Zone. The dual region has similar characteristics in terms of tourism , infrastructure, attitudes to tourism, marketing problems and associated solutions on each side of the Channel. Opportunities in the zone will be enhanced with the creation of a single market in 1992 and completion of the Channel Tunnel in 1993. (Journal abstract) References. Maps.
650 ## - SUBJECT ADDED ENTRY--TOPICAL TERM
Topical term or geographic name entry element FRANCE
690 ## - LOCAL SUBJECT ADDED ENTRY--TOPICAL TERM (OCLC, RLIN)
Topical term or geographic name as entry element ECONOMIC AND SOCIAL
700 ## - ADDED ENTRY--PERSONAL NAME
Personal name Gibb, R.A.
942 ## - ADDED ENTRY ELEMENTS (KOHA)
Suppress in OPAC 0
948 ## - LOCAL PROCESSING INFORMATION (OCLC); SERIES PART DESIGNATOR (RLIN)
c (OCLC) 04/03/1997
Holdings
Withdrawn status Lost status Source of classification or shelving scheme Damaged status Not for loan Home library Current library Shelving location Date acquired Total Checkouts Full call number Barcode Date last seen Copy number Price effective from Koha item type
    Dewey Decimal Classification     London London Journal article 14/09/1999   ABS41098 28214-1001 06/08/2019 1 06/08/2019 Journal article